Normal view
MARC view
- Atchley and Co.
Entry Corporate Name
001 - CONTROL NUMBER
- control field: 6046
003 - CONTROL NUMBER IDENTIFIER
- control field: OSt
005 - DATE AND TIME OF LATEST TRANSACTION
- control field: 20190806150249.0
008 - FIXED-LENGTH DATA ELEMENTS
- fixed length control field: 120424n| acannaabn |n ana d
040 ## - CATALOGING SOURCE
- Original cataloging agency: OSt
- Transcribing agency: OSt
110 2# - HEADING--CORPORATE NAME
- Corporate name or jurisdiction name as entry element: Atchley and Co.
670 ## - SOURCE DATA FOUND
- Source citation: Atchley's builders' price book for 1869, 1868
- Information found: t.p. (by P. Thompson ...)